000 01461nam a22003497a 4500
001 18727328
003 TZ-ArACH
005 20251119092927.0
008 150803s2016 cau b 001 0deng
010 _a 2015027526
020 _a9781610699136
_qhard copy : alk. paper
020 _z9781610699143 (ebook)
035 _a18727328
040 _aDLC
_beng
_cTZ-ArACH
_erda
042 _apcc
043 _af-ua---
050 0 0 _aDT100
_b.P47 2016
100 1 _aPerry, Glenn E.
_q(Glenn Earl),
_d1940-
_eauthor.
245 1 4 _aThe history of Egypt
_cGlenn E. Perry.
250 _a2nd ed.
260 _aCalifornia:
_bGreenwood;
_c2016
300 _axxiv, 240 p.:
_c25 cm.
490 0 _aThe Greenwood histories of the modern nations
500 _aOriginal edition published: 2004.
504 _aIncludes bibliographical references (pages [217]-232) and index.
504 _aIncludes bibliographical references and index.
505 0 _aEgypt today -- Ancient Egypt -- Islamic Egypt to 1798 -- From Bonaparte to the British -- "Liberal" Egypt -- Nasir's revolutionary era -- Sadat and counterrevolution -- The Mubarak era -- Aborted revolution, renewed dictatorship -- Notable people in the history of Egypt.
651 0 _aEgypt
_xHistory
_y1798-
906 _a7
_bcbc
_corignew
_d1
_eecip
_f20
_gy-gencatlg
942 _2lcc
_cBOOK
999 _c7694
_d7694